000 00273nam a2200109Ia 4500
001 1263281
005 20260417141902.0
008 260417s9999 xx 000 0 und d
020 _a9789752894150
245 0 _aKanlı Topraklar
_cOrhan Kemal
260 _bEverest Yayınları
999 _c1263281
_d1263281